00372nam a2200145Ia 4500008004100000020001500041041001200056082001600068100001600084245005500100260003000155300000800185650001500193700001800208221030s9999 xx 000 0 und d a8125907661 aEnglish a105.23bBha aN. D. Bhatt 0aEngineering Drawingcby N. D. Bhatt, V. M. Panchal bCharotar PubaAnandc2000 a600 aMechanical aV. M. Panchal